01178 2200205 4500001002100000005001500021035002000036008004100056245009500097100002000192250000600212260003800218300001200256084001400268082000800282650001000290520064800300990001200948990001200960INLIS00000000000090120240603092921 a0010-0524000136240603 1 ind 1 aKunang - Kunang Rock N Roll; Cahaya Kunang - Kunang Tak Akan Pernah Mati /cJimmo Morrison aMorrison, Jimmo a1 aYogyakarta :bSheila/ Andi,c2014 a208 hlm a813 JIM k a813 4aFiksi aAku mengetuk kakiku di lantai, hujan makin deras. Beberapa menit kemudian secangkir kopi hitam yang kupesan lagi datang. Kuteguk perlahan dan ikut bernyanyi lagu lama. Little patience, mmm yeah, ooh yeah I need a little patience, yeah Just a little patience, yeah Orang-orang di dalam caf melihatku, aku tak peduli. Aku terus bernyanyi sampai mataku terpenjam. Saat mataku terbuka kulihat Marta berdiri di depanku. Apa kau memikirkan aku, Jim? tanya Marta pelan. Aku diam, suasana menjadi sepi tiba-tiba. Lagu Patience yang tadi terdengar sekarang hilang, lalu orang-orang di dalam caf tak mengeluarkan suara, dan hanya mulutnya yang bergerak. a0741402 a0741403